[Event "EU-chT U18"]
[Site "Terme Catez"]
[Date "2025.07.08"]
[Round "4.3"]
[White "Ince, Taylan Ruzgar"]
[Black "Morkunas, Gustas"]
[Result "1-0"]
[WhiteElo "2239"]
[BlackElo "2342"]
[PlyCount "113"]
[EventDate "2025.07.05"]
[EventType "team-swiss"]
[EventRounds "7"]
[EventCountry "SLO"]
[SourceTitle "CB29_2025"]
[SourceDate "2025.07.16"]
[SourceVersion "1"]
[SourceVersionDate "2025.07.16"]
[SourceQuality "1"]
[WhiteTeam "Turkey"]
[BlackTeam "Lithuania"]
[WhiteTeamCountry "TUR"]
[BlackTeamCountry "LTU"]

1. d4 d5 2. c4 e6 3. Nc3 a6 4. cxd5 exd5 5. Qb3 Nc6 6. Nf3 Be6 7. g3 Nf6 8. Bg2 Rb8 9. 0-0 Be7 10. Rd1 Na5 11. Qc2 h6 12. Ne5 0-0 13. Rb1 Qe8 14. Bf4 Bd6 15. b4 Nc6 16. b5 Ne7 17. Qb3 g5 18. Bc1 c6 19. b6 Bf5 20. Ra1 Ng6 21. Nxg6 Bxg6 22. Ba3 Bxa3 23. Qxa3 Qe6 24. Re1 Rfe8 25. Qb3 Re7 26. Na4 Nd7 27. Nc3 Rbe8 28. e3 Kh7 29. Rac1 Nf6 30. Qb2 Qf5 31. Na4 Nd7 32. Bf1 h5 33. h3 Kg7 34. Qd2 Qe6 35. Bg2 Qd6 36. Qb2 f5 37. Qc3 Qf6 38. Kh2 h4 39. gxh4 g4 40. Kg3 Rh8 41. Qd2 Rxh4 42. Kh2 gxh3 43. Bf3 Qd6+ 44. Kh1 Nf6 45. Rg1 Kf7 46. Nc5 f4 47. Rcf1 Bf5 48. Rg5 Bh7 49. Rfg1 Kf8 50. Qe2 Qd8 51. Re5 Kf7 52. exf4 Ne4 53. Bxe4 dxe4 54. Qc4+ Kf8 55. Ne6+ Rxe6 56. Qxe6 h2 57. Rf5+ 1-0

[Event "Keres Memorial rap 34th"]
[Site "Tallinn"]
[Date "2025.01.18"]
[Round "3"]
[White "Morkunas, Gustas"]
[Black "Chigaev, Maksim"]
[Result "0-1"]
[WhiteElo "2107"]
[BlackElo "2632"]
[PlyCount "108"]
[EventDate "2025.01.18"]
[EventType "swiss (rapid)"]
[EventRounds "11"]
[EventCountry "EST"]
[SourceTitle "CB05_2025"]
[SourceDate "2025.01.29"]
[SourceVersion "1"]
[SourceVersionDate "2025.01.29"]
[SourceQuality "1"]

1. e4 c5 2. Nf3 Nc6 3. d4 cxd4 4. Nxd4 e6 5. Nc3 Qc7 6. Be3 a6 7. Bd3 Nf6 8. 0-0 Ne5 9. h3 b5 10. f4 Nc4 11. Bxc4 Qxc4 12. e5 Nd5 13. Nxd5 Qxd5 14. Qg4 Bb7 15. Rf2 Qe4 16. Re1 h5 17. Qd1 Be7 18. Nf3 Qg6 19. Ng5 h4 20. Qg4 Qh5 21. Qxh5 Rxh5 22. Nf3 Rc8 23. c3 f6 24. Bd4 Bd5 25. b3 Kf7 26. Nd2 fxe5 27. fxe5+ Rf5 28. Ne4 Bxe4 29. Rxe4 g5 30. Kf1 Bc5 31. b4 Bxd4 32. Rxd4 Ke7 33. Rxf5 exf5 34. Rd6 Rc6 35. Rd3 Ke6 36. Ke2 Kxe5 37. Kd2 d5 38. Re3+ Kf4 39. Rf3+ Ke5 40. Re3+ Kf6 41. Re8 Re6 42. Rf8+ Ke5 43. Ke3 f4+ 44. Kf3 Kd6 45. Kg4 Re2 46. Kxg5 Rxg2+ 47. Kxh4 Ke5 48. Re8+ Kf5 49. Kh5 f3 50. h4 f2 51. Rf8+ Ke4 52. Kh6 Ke3 53. h5 Rg1 54. Re8+ Kd3 0-1

[Event "Wch U16 blitz"]
[Site "Terme Catez"]
[Date "2024.12.16"]
[Round "22"]
[White "Coicev, Matei Andrei"]
[Black "Morkunas, Gustas"]
[Result "1-0"]
[WhiteElo "2082"]
[BlackElo "2154"]
[PlyCount "141"]
[EventDate "2024.12.16"]
[EventType "swiss (blitz)"]
[EventRounds "22"]
[EventCountry "SLO"]
[SourceTitle "CB51_2024"]
[SourceDate "2024.12.18"]
[SourceVersion "1"]
[SourceVersionDate "2024.12.18"]
[SourceQuality "1"]

1. e4 e5 2. Nf3 Nc6 3. Nc3 Nf6 4. Bb5 Bb4 5. 0-0 d6 6. Nd5 Bc5 7. c3 a6 8. Ba4 b5 9. Bc2 Ba7 10. h3 h6 11. a4 0-0 12. d3 Be6 13. c4 bxc4 14. dxc4 Nd4 15. Be3 c6 16. Nxf6+ Qxf6 17. Bxd4 exd4 18. Bd3 Rab8 19. b3 Bc5 20. Bc2 g6 21. Qd2 Kg7 22. Qd3 d5 23. cxd5 cxd5 24. e5 Qd8 25. Nxd4 Bxd4 26. Qxd4 Qb6 27. Rfd1 Qxd4 28. Rxd4 Rfc8 29. Bd1 a5 30. Kf1 f6 31. exf6+ Kxf6 32. Bf3 Rc5 33. Rad1 Rxb3 34. Bxd5 Bxd5 35. Rxd5 Rbc3 36. Rxc5 Rxc5 37. Rd6+ Kf7 38. Ra6 Re5 39. Kg1 h5 40. h4 Kg7 41. g3 Rd5 42. Kg2 Rc5 43. Kf3 Rf5+ 44. Ke3 Re5+ 45. Kd4 Re2 46. Rxa5 Rxf2 47. Rg5 Kf6 48. a5 Ra2 49. Kc4 Kf7 50. Kb5 Kf6 51. Kb6 Rb2+ 52. Kc7 Rc2+ 53. Kb7 Rb2+ 54. Kc6 Rc2+ 55. Kb6 Rb2+ 56. Rb5 Rg2 57. a6 Rxg3 58. a7 Ra3 59. Ra5 Rb3+ 60. Kc6 Rc3+ 61. Kd5 Rc8 62. a8Q Rxa8 63. Rxa8 g5 64. hxg5+ Kxg5 65. Ke4 Kg4 66. Rg8+ Kh3 67. Kf3 h4 68. Rh8 Kh2 69. Rxh4+ Kg1 70. Rh5 Kf1 71. Rh1# 1-0

[Event "Wch U16 blitz"]
[Site "Terme Catez"]
[Date "2024.12.16"]
[Round "21"]
[White "Morkunas, Gustas"]
[Black "Coicev, Matei Andrei"]
[Result "1/2-1/2"]
[WhiteElo "2154"]
[BlackElo "2082"]
[PlyCount "70"]
[EventDate "2024.12.16"]
[EventType "swiss (blitz)"]
[EventRounds "22"]
[EventCountry "SLO"]
[SourceTitle "CB51_2024"]
[SourceDate "2024.12.18"]
[SourceVersion "1"]
[SourceVersionDate "2024.12.18"]
[SourceQuality "1"]

1. e4 c6 2. d4 d5 3. exd5 cxd5 4. Bd3 Nc6 5. c3 Nf6 6. h3 e5 7. dxe5 Nxe5 8. Nf3 Nxd3+ 9. Qxd3 Bd6 10. 0-0 0-0 11. Bg5 h6 12. Bh4 Be6 13. Nbd2 Be7 14. Nd4 Bd7 15. Rfe1 Re8 16. Qf3 Qb6 17. b3 Rac8 18. Bxf6 Bxf6 19. Qxd5 Rxe1+ 20. Rxe1 Rxc3 21. N2f3 Bc6 22. Nxc6 Qxc6 23. Qf5 Rc1 24. Rxc1 Qxc1+ 25. Kh2 Qb2 26. Qc8+ Kh7 27. Qxb7 Qxf2 28. Qe4+ g6 29. a4 Qb6 30. Qd5 Qc7+ 31. Kh1 Qc1+ 32. Kh2 Qf4+ 33. Kh1 Qc1+ 34. Kh2 Qf4+ 35. Kh1 Qc1+ 1/2-1/2

[Event "Wch U16 blitz"]
[Site "Terme Catez"]
[Date "2024.12.16"]
[Round "13"]
[White "Morkunas, Gustas"]
[Black "Matyassy, Lazar"]
[Result "1-0"]
[WhiteElo "2154"]
[BlackElo "2183"]
[PlyCount "51"]
[EventDate "2024.12.16"]
[EventType "swiss (blitz)"]
[EventRounds "22"]
[EventCountry "SLO"]
[SourceTitle "CB51_2024"]
[SourceDate "2024.12.18"]
[SourceVersion "1"]
[SourceVersionDate "2024.12.18"]
[SourceQuality "1"]

1. e4 c5 2. Nf3 d6 3. d4 cxd4 4. Nxd4 Nf6 5. Nc3 Nc6 6. Bg5 e6 7. Qd2 a6 8. 0-0-0 Bd7 9. f3 Nxd4 10. Qxd4 Be7 11. h4 Qc7 12. Kb1 b5 13. Qd2 b4 14. Ne2 0-0 15. e5 dxe5 16. Bxf6 gxf6 17. Qxd7 Rfd8 18. Qxc7 Rxd1+ 19. Nc1 Bf8 20. g3 Bh6 21. f4 exf4 22. gxf4 e5 23. Bg2 Rad8 24. Rxd1 Rxd1 25. Qc8+ Kg7 26. Qg4+ 1-0

[Event "Wch U16 blitz"]
[Site "Terme Catez"]
[Date "2024.12.16"]
[Round "16"]
[White "Morkunas, Gustas"]
[Black "Sapenov, Daniyal"]
[Result "1-0"]
[WhiteElo "2154"]
[BlackElo "2338"]
[PlyCount "93"]
[EventDate "2024.12.16"]
[EventType "swiss (blitz)"]
[EventRounds "22"]
[EventCountry "SLO"]
[SourceTitle "CB51_2024"]
[SourceDate "2024.12.18"]
[SourceVersion "1"]
[SourceVersionDate "2024.12.18"]
[SourceQuality "1"]

1. e4 c5 2. Nf3 d6 3. d4 cxd4 4. Nxd4 Nf6 5. Nc3 a6 6. h3 e6 7. g4 h6 8. Bg2 Be7 9. Be3 Nc6 10. 0-0 0-0 11. f4 Nxd4 12. Bxd4 Nd7 13. Be3 Rb8 14. Ne2 b5 15. Nd4 Bb7 16. Qe2 Qc7 17. c3 Rfc8 18. g5 hxg5 19. fxg5 Ne5 20. h4 Qc4 21. Qf2 Rf8 22. Qg3 b4 23. cxb4 Qxb4 24. h5 Nc4 25. Bf2 Bc8 26. Nc6 Qb7 27. Nxb8 Qxb8 28. h6 g6 29. b3 Ne5 30. Rad1 Kh7 31. Bd4 Qc7 32. Rc1 Qd8 33. Bxe5 dxe5 34. Qxe5 f6 35. gxf6 Bxf6 36. Rxf6 Rxf6 37. Rc7+ Kg8 38. Rxc8 Qxc8 39. Qxf6 Qc1+ 40. Bf1 Qxh6 41. Qxe6+ Kh7 42. Qe7+ Kh8 43. Qf6+ Kh7 44. Qe7+ Kh8 45. Qe8+ Kh7 46. Qd7+ Kh8 47. Qh3 1-0

[Event "Wch U16 blitz"]
[Site "Terme Catez"]
[Date "2024.12.16"]
[Round "15"]
[White "Sapenov, Daniyal"]
[Black "Morkunas, Gustas"]
[Result "1/2-1/2"]
[WhiteElo "2338"]
[BlackElo "2154"]
[PlyCount "201"]
[EventDate "2024.12.16"]
[EventType "swiss (blitz)"]
[EventRounds "22"]
[EventCountry "SLO"]
[SourceTitle "CB51_2024"]
[SourceDate "2024.12.18"]
[SourceVersion "1"]
[SourceVersionDate "2024.12.18"]
[SourceQuality "1"]

1. d4 d5 2. c4 e6 3. Nf3 a6 4. Bg5 Be7 5. Bxe7 Nxe7 6. Nbd2 0-0 7. g3 Nd7 8. Bg2 b6 9. 0-0 Bb7 10. cxd5 exd5 11. Rc1 Nf6 12. e3 Qd6 13. Qb3 Rac8 14. Rc2 c5 15. dxc5 Rxc5 16. Rxc5 Qxc5 17. Nd4 Rc8 18. Qd3 b5 19. N2b3 Qb6 20. Qd2 Ne4 21. Qb4 Qd6 22. Qa5 g6 23. Rd1 Nc5 24. Nxc5 Qxc5 25. Bh3 Rf8 26. Qd2 Qd6 27. Rc1 Bc8 28. Bg2 Bd7 29. Qa5 Rc8 30. Rxc8+ Bxc8 31. Qc3 Bd7 32. a3 Nc6 33. h4 h5 34. Bf1 Ne5 35. Qa5 Bc8 36. b3 Kh7 37. a4 bxa4 38. bxa4 Bb7 39. Qc3 Qd7 40. Qb4 Nc6 41. Qb6 Nxd4 42. exd4 Qc6 43. Qb4 Kg7 44. a5 Qd7 45. Qb6 Qc8 46. Qd6 Kg8 47. Qe5 Bc6 48. Qe7 Bb7 49. Qf6 Bc6 50. Kg2 Bb7 51. Qd6 Bc6 52. Qc5 Bb7 53. Qb6 Kg7 54. Be2 Kg8 55. Bf3 Qc6 56. Qb4 Kg7 57. Be2 Qe6 58. Qc5 Qc6 59. Bd3 Qd7 60. Qb6 Qc8 61. Qd6 Kg8 62. Kf3 Qg4+ 63. Ke3 Qc8 64. Qb6 Qe8+ 65. Kd2 Qc8 66. Qd6 Kg7 67. Qe5+ Kg8 68. Qf6 Qc7 69. Qb6 Qc8 70. Be2 Kg7 71. Bd3 Kg8 72. Qb4 Qd7 73. Qc5 Qd8 74. Ke3 Qe8+ 75. Kf3 Qd7 76. Qb6 Qg4+ 77. Ke3 Qc8 78. Be2 Kg7 79. Kf3 Qc3+ 80. Kg2 Qc8 81. Bf3 Qd7 82. Qc5 Qc6 83. Qe7 Qb5 84. g4 hxg4 85. Bxg4 Qc6 86. Bf3 Ba8 87. Qd8 Bb7 88. Kg3 Qf6 89. Qxf6+ Kxf6 90. Kf4 Ke6 91. Bg4+ Kf6 92. Bd7 Ke7 93. Ba4 Kf6 94. Bb3 Bc6 95. Bd1 Bb5 96. Bg4 Bc4 97. Ke3 Ke7 98. Bh3 Kd6 99. Kf4 Ke7 100. Ke5 f6+ 101. Kf4 1/2-1/2

[Event "Wch U16 rapid"]
[Site "Terme Catez"]
[Date "2024.12.15"]
[Round "8"]
[White "Bodrogi, Bendeguz"]
[Black "Morkunas, Gustas"]
[Result "1-0"]
[WhiteElo "2315"]
[BlackElo "2265"]
[PlyCount "110"]
[EventDate "2024.12.14"]
[EventType "swiss (rapid)"]
[EventRounds "11"]
[EventCountry "SLO"]
[SourceTitle "CB51_2024"]
[SourceDate "2024.12.18"]
[SourceVersion "1"]
[SourceVersionDate "2024.12.18"]
[SourceQuality "1"]

1. g3 d5 2. Nf3 Nd7 3. d4 Nb6 4. Nc3 Bf5 5. Nh4 Bg4 6. h3 Bh5 7. Ng2 e6 8. Nf4 Bg6 9. Nxg6 hxg6 10. Bg2 Nf6 11. 0-0 Rc8 12. e4 dxe4 13. Nxe4 Nxe4 14. Bxe4 c6 15. Bg2 Be7 16. a4 a5 17. Qd3 Bf6 18. Rd1 0-0 19. Qb3 Nd5 20. Qxb7 Nb4 21. c3 Rb8 22. Qa7 Nd5 23. Qc5 Qd7 24. Qxa5 Qb7 25. Bxd5 exd5 26. Bf4 Bd8 27. Qb4 Qxb4 28. cxb4 Ra8 29. Bd6 Re8 30. b5 Re6 31. Bc5 cxb5 32. axb5 Rb8 33. b4 f6 34. Ra7 Bb6 35. Rd7 Bxc5 36. bxc5 Rxb5 37. Rxd5 Re7 38. Rd8+ Kf7 39. c6 Rc7 40. d5 Ke7 41. Rg8 Kd6 42. Re8 Rb6 43. Re6+ Kc5 44. d6 Rcxc6 45. d7 Rxe6 46. d8Q Rbd6 47. Rxd6 Rxd6 48. Qc7+ Kd5 49. Qxg7 g5 50. Qe7 Kc6 51. Kg2 Kd5 52. Kf3 Rc6 53. Kg4 Kc4 54. Qe4+ Kc5 55. Qxc6+ Kxc6 1-0

[Event "Wch U16 rapid"]
[Site "Terme Catez"]
[Date "2024.12.14"]
[Round "2"]
[White "Leitgeb, Julian"]
[Black "Morkunas, Gustas"]
[Result "0-1"]
[WhiteElo "2057"]
[BlackElo "2265"]
[PlyCount "134"]
[EventDate "2024.12.14"]
[EventType "swiss (rapid)"]
[EventRounds "11"]
[EventCountry "SLO"]
[SourceTitle "CB51_2024"]
[SourceDate "2024.12.18"]
[SourceVersion "1"]
[SourceVersionDate "2024.12.18"]
[SourceQuality "1"]

1. e4 e5 2. Nf3 Nc6 3. Bc4 Bc5 4. d3 Nf6 5. c3 d6 6. b4 Bb6 7. a4 a5 8. b5 Ne7 9. Nbd2 0-0 10. 0-0 Ng6 11. d4 h6 12. Re1 Re8 13. Qb3 Be6 14. Bxe6 Rxe6 15. d5 Re8 16. Nc4 Bc5 17. h3 Nh5 18. Be3 Bxe3 19. Nxe3 Ngf4 20. c4 b6 21. Kh2 Qc8 22. Qc3 Nf6 23. Nd2 g6 24. c5 bxc5 25. Nec4 h5 26. Nxa5 Kg7 27. Nac4 Rh8 28. a5 g5 29. Qg3 Kh6 30. Ne3 Rg8 31. Nf5+ Kh7 32. Ne7 Qd7 33. Nxg8 Rxg8 34. a6 h4 35. Qe3 g4 36. a7 gxh3 37. Qf3 Rxg2+ 38. Kh1 Ng4 39. Qxg2 hxg2+ 40. Kg1 h3 41. Nf3 h2+ 42. Nxh2 Nxh2 43. Re3 Ng4 44. Rf3 Qxb5 45. a8Q Qe2 46. Qa3 Qxe4 47. Qb3 c4 48. Qb1 Qxb1+ 49. Rxb1 Kg6 50. Rxf4 exf4 51. Kxg2 Ne5 52. Rb7 f3+ 53. Kf1 Kf5 54. Rxc7 Ke4 55. Ke1 Kxd5 56. Kd2 Ke4 57. Kc3 d5 58. Kd2 f5 59. Re7 Kd4 60. Re8 Nd3 61. Re3 Nxf2 62. Rxf3 Ne4+ 63. Ke2 Ke5 64. Rh3 d4 65. Rh8 Kf4 66. Rc8 d3+ 67. Ke1 Ke5 0-1

[Event "LTU-ch Amateurs"]
[Site "Kaunas"]
[Date "2024.10.26"]
[Round "2"]
[White "Morkunas, Gustas"]
[Black "Kusner, Michail"]
[Result "1-0"]
[WhiteElo "2081"]
[BlackElo "1799"]
[PlyCount "91"]
[EventDate "2024.10.26"]
[EventType "swiss"]
[EventRounds "7"]
[EventCountry "LTU"]
[SourceTitle "CB44_2024"]
[Source "Chessbase"]
[SourceDate "2024.10.30"]
[SourceVersion "1"]
[SourceVersionDate "2024.10.30"]
[SourceQuality "1"]

1. e4 e6 2. d4 d5 3. Nc3 Bb4 4. Nge2 dxe4 5. a3 Be7 6. Nxe4 Nf6 7. Nxf6+ Bxf6 8. Be3 0-0 9. Qd2 b6 10. 0-0-0 Bb7 11. Ng3 Nd7 12. Nh5 Be7 13. Bd3 g6 14. Nf4 c5 15. Bc4 e5 16. dxe5 Nxe5 17. Qc3 Qc7 18. Nd5 Bxd5 19. Bxd5 Rac8 20. Bh6 Bf6 21. Bxf8 Rxf8 22. f4 Ng4 23. Qf3 Nh6 24. g4 Bg7 25. Rhe1 c4 26. c3 b5 27. f5 Be5 28. Qe4 Bf4+ 29. Kb1 gxf5 30. gxf5 Bxh2 31. Rh1 Kh8 32. Qh4 Nxf5 33. Qxh2 Qxh2 34. Rxh2 Ne3 35. Rd4 f5 36. Bf3 Rg8 37. Rd7 Rg1+ 38. Ka2 Rg7 39. Rd8+ Rg8 40. Rxg8+ Kxg8 41. Re2 f4 42. Rh2 Nf5 43. Rh5 Ne7 44. Be4 a6 45. Rxh7 Nd5 46. Rh4 1-0

[Event "Titled Tuesday intern op 13th Aug Early"]
[Site "Chess.com INT"]
[Date "2024.08.13"]
[Round "1"]
[White "Morkunas, Gustas"]
[Black "Pichot, Alan"]
[Result "0-1"]
[WhiteElo "2095"]
[BlackElo "2638"]
[PlyCount "78"]
[EventDate "2024.08.13"]
[EventType "swiss (blitz)"]
[EventRounds "11"]
[EventCountry "USA"]
[SourceTitle "EXT 2025"]
[Source "ChessBase"]
[SourceDate "2024.10.14"]
[SourceVersion "1"]
[SourceVersionDate "2024.10.14"]
[SourceQuality "1"]

1. e4 e5 2. Nf3 Nc6 3. Bb5 g6 4. Nc3 Bg7 5. 0-0 a6 6. Bxc6 dxc6 7. d3 Ne7 8. Re1 0-0 9. Be3 h6 10. Qd2 Kh7 11. d4 exd4 12. Bxd4 Bxd4 13. Nxd4 c5 14. Nf3 Qxd2 15. Nxd2 Be6 16. a4 Rfd8 17. Nf1 Nc6 18. Ne3 Nd4 19. f4 b5 20. axb5 axb5 21. Rxa8 Rxa8 22. f5 gxf5 23. exf5 Nxf5 24. Nxf5 Bxf5 25. Nxb5 Ra2 26. Re5 Bxc2 27. Rxc5 Rxb2 28. Nd4 Be4 29. Nf3 c6 30. h4 Bd5 31. Kf1 Kg7 32. Rc3 Kf6 33. g4 Rb4 34. g5+ hxg5 35. hxg5+ Kf5 36. Kf2 Rf4 37. Kg3 Rxf3+ 38. Rxf3+ Bxf3 39. Kxf3 Kxg5 0-1

[Event "Titled Tuesday intern op 13th Aug Early"]
[Site "Chess.com INT"]
[Date "2024.08.13"]
[Round "10"]
[White "Morkunas, Gustas"]
[Black "Spichkin, Alexander"]
[Result "0-1"]
[WhiteElo "2095"]
[BlackElo "2035"]
[PlyCount "56"]
[EventDate "2024.08.13"]
[EventType "swiss (blitz)"]
[EventRounds "11"]
[EventCountry "USA"]
[SourceTitle "EXT 2025"]
[Source "ChessBase"]
[SourceDate "2024.10.14"]
[SourceVersion "1"]
[SourceVersionDate "2024.10.14"]
[SourceQuality "1"]

1. e4 e5 2. Nf3 d5 3. exd5 e4 4. Qe2 Nf6 5. Nc3 Be7 6. Nxe4 Nxd5 7. d3 0-0 8. Be3 Re8 9. 0-0-0 f5 10. Nc3 Nxc3 11. bxc3 f4 12. d4 fxe3 13. fxe3 Ba3+ 14. Kd2 c5 15. Qc4+ Be6 16. Qa4 cxd4 17. Qxa3 dxe3+ 18. Ke1 Qb6 19. Be2 Nc6 20. Nd4 Bd5 21. Qd6 Rad8 22. Qf4 Qc5 23. c4 Qb4+ 24. Kf1 Rf8 25. Nf5 Rxf5 26. Qxf5 Rf8 27. Bd3 Bxc4 28. Qxf8+ Qxf8+ 0-1

[Event "Titled Tuesday intern op 13th Aug Early"]
[Site "Chess.com INT"]
[Date "2024.08.13"]
[Round "6"]
[White "Morkunas, Gustas"]
[Black "Yaniv, Ori"]
[Result "1-0"]
[WhiteElo "2095"]
[BlackElo "2131"]
[PlyCount "71"]
[EventDate "2024.08.13"]
[EventType "swiss (blitz)"]
[EventRounds "11"]
[EventCountry "USA"]
[SourceTitle "EXT 2025"]
[Source "ChessBase"]
[SourceDate "2024.10.14"]
[SourceVersion "1"]
[SourceVersionDate "2024.10.14"]
[SourceQuality "1"]

1. e4 c5 2. Nf3 Nc6 3. d4 cxd4 4. Nxd4 g6 5. Nc3 Bg7 6. Nxc6 bxc6 7. Bc4 d6 8. 0-0 Nf6 9. Re1 0-0 10. Bf4 Ng4 11. Qd2 Ne5 12. Bb3 Be6 13. Bh6 Qb6 14. Bxg7 Kxg7 15. h3 Bxh3 16. Re3 Be6 17. Na4 Qa6 18. f4 Nc4 19. Bxc4 Qxc4 20. b3 Qa6 21. f5 Bd7 22. f6+ exf6 23. Qxd6 Be6 24. Rf1 Rad8 25. Qe7 Rd2 26. Nc5 Qc8 27. Qxf6+ Kg8 28. Ref3 Re8 29. c4 Rxa2 30. Rd3 Ra5 31. Qf2 Rxc5 32. Qxc5 Qc7 33. Qd6 Qb7 34. Qc5 Qc7 35. e5 Qb7 36. b4 1-0

[Event "Titled Tuesday intern op 30th Jul Early"]
[Site "Chess.com INT"]
[Date "2024.07.30"]
[Round "9"]
[White "Korchynskyi, Mykola"]
[Black "Morkunas, Gustas"]
[Result "0-1"]
[WhiteElo "2321"]
[BlackElo "2095"]
[PlyCount "68"]
[EventDate "2024.07.30"]
[EventType "swiss (blitz)"]
[EventRounds "11"]
[EventCountry "USA"]
[SourceTitle "EXT 2025"]
[Source "ChessBase"]
[SourceDate "2024.10.14"]
[SourceVersion "1"]
[SourceVersionDate "2024.10.14"]
[SourceQuality "1"]

1. g4 d5 2. Bg2 c6 3. c4 dxc4 4. g5 e5 5. h4 Be6 6. Nc3 h6 7. g6 fxg6 8. Nf3 Nd7 9. h5 g5 10. Qc2 Ngf6 11. b3 cxb3 12. axb3 Bb4 13. Bb2 0-0 14. Ne4 Nxe4 15. Qxe4 Rf4 16. Qc2 Bd5 17. 0-0 g4 18. Nh2 Bxg2 19. Kxg2 Nf6 20. Bxe5 Qd5+ 21. Kg1 Qxe5 22. e3 Re4 23. d3 Bd6 24. f4 gxf3 25. dxe4 Nxe4 26. Rxf3 Qxa1+ 27. Rf1 Qe5 28. Kg2 Qg3+ 29. Kh1 Re8 30. Qc4+ Kh8 31. Qe2 Qh4 32. Qg2 Ng3+ 33. Kg1 Nxf1 34. Nf3 Qg3 0-1

[Event "Titled Tuesday intern op 30th Jul Early"]
[Site "Chess.com INT"]
[Date "2024.07.30"]
[Round "2"]
[White "Morkunas, Gustas"]
[Black "Vaz, Ethan"]
[Result "0-1"]
[WhiteElo "2095"]
[BlackElo "2392"]
[PlyCount "78"]
[EventDate "2024.07.30"]
[EventType "swiss (blitz)"]
[EventRounds "11"]
[EventCountry "USA"]
[SourceTitle "EXT 2025"]
[Source "ChessBase"]
[SourceDate "2024.10.14"]
[SourceVersion "1"]
[SourceVersionDate "2024.10.14"]
[SourceQuality "1"]

1. e4 g6 2. d4 Bg7 3. Nc3 c6 4. Bc4 d6 5. Nf3 Nf6 6. Bd3 0-0 7. 0-0 Nbd7 8. h3 e5 9. Be3 Qc7 10. a4 Re8 11. dxe5 dxe5 12. Qd2 Nh5 13. Rfe1 Nf4 14. Bf1 Nf8 15. Kh2 Rd8 16. Qc1 N8e6 17. g3 Nh5 18. a5 Nd4 19. Bg2 Be6 20. b4 Qc8 21. Ng5 Bc4 22. Na4 h6 23. Nf3 Kh7 24. Nb2 Be6 25. Nd2 Qc7 26. c3 Nb5 27. c4 Nd4 28. Nd3 f5 29. exf5 gxf5 30. Bxd4 Rxd4 31. Nc5 Bc8 32. Nf3 Rd8 33. Nh4 e4 34. Ra2 Rb8 35. Kg1 Bd4 36. Nb3 Qxg3 37. Nxd4 Qxh4 38. Rd2 Nf4 39. Rdd1 Rg8 0-1

[Event "Titled Tuesday intern op 23rd Jul Early"]
[Site "Chess.com INT"]
[Date "2024.07.23"]
[Round "1"]
[White "Suyarov, Mukhammadzokhid"]
[Black "Morkunas, Gustas"]
[Result "0-1"]
[WhiteElo "2466"]
[BlackElo "2095"]
[PlyCount "156"]
[EventDate "2024.07.23"]
[EventType "swiss (blitz)"]
[EventRounds "11"]
[EventCountry "USA"]
[SourceTitle "EXT 2025"]
[Source "ChessBase"]
[SourceDate "2024.10.14"]
[SourceVersion "1"]
[SourceVersionDate "2024.10.14"]
[SourceQuality "1"]

1. e4 e5 2. Nf3 Nc6 3. Bb5 g6 4. 0-0 Bg7 5. c3 a6 6. Ba4 d6 7. d4 Bd7 8. Be3 Nf6 9. Nbd2 0-0 10. dxe5 Nxe5 11. Nxe5 dxe5 12. f3 Nh5 13. Bxd7 Qxd7 14. Nb3 Qc6 15. Na5 Qb5 16. Qd5 Qxd5 17. exd5 b6 18. Nc6 Nf6 19. Rad1 Rfe8 20. c4 Bf8 21. Rfe1 Nd7 22. g4 f6 23. a4 a5 24. Kf2 Bd6 25. b3 Kf7 26. Rg1 f5 27. gxf5 gxf5 28. Rg5 f4 29. Bd2 Rg8 30. Rg2 Rxg2+ 31. Kxg2 Rg8+ 32. Kh3 Nc5 33. Bc3 e4 34. Rf1 e3 35. Nd4 Be5 36. Nb5 Bxc3 37. Nxc3 Nxb3 38. Ne2 Kf6 39. Nxf4 Kf5 40. Ng2 Re8 41. Re1 e2 42. Kg3 Nd4 43. Kf2 Re7 44. Rc1 Nb3 45. Rc3 Nc5 46. Ra3 Ke5 47. Re3+ Kd6 48. Kxe2 Nxa4 49. Rxe7 Kxe7 50. Kd3 Nc5+ 51. Kc3 Kd6 52. f4 c6 53. Ne3 cxd5 54. cxd5 b5 55. Kd4 Nb3+ 56. Ke4 a4 57. Nc2 Nc5+ 58. Kd4 Na6 59. Na3 b4 60. Nc4+ Kd7 61. d6 a3 62. Kd5 a2 63. Ne5+ Kd8 64. Nc6+ Kc8 65. Na7+ Kd7 66. Nc6 a1Q 67. Ne5+ Kc8 68. Ke6 Qa2+ 69. Ke7 Nc5 70. f5 Qd5 71. Nf7 Qxf5 72. Kf8 Ne6+ 73. Ke7 Nc5 74. Kf8 Kd7 75. Kg7 Ne6+ 76. Kg8 Qg6+ 77. Kh8 Qf6+ 78. Kxh7 Qg7# 0-1

[Event "EU-ch Schools U15"]
[Site "Limerick"]
[Date "2024.06.07"]
[Round "9"]
[White "Morkunas, Gustas"]
[Black "Stack, George"]
[Result "1-0"]
[WhiteElo "2074"]
[BlackElo "1839"]
[PlyCount "119"]
[EventDate "2024.05.31"]
[EventType "swiss"]
[EventRounds "9"]
[EventCountry "IRL"]
[SourceTitle "CBM 220 Extra"]
[Source "ChessBase"]
[SourceDate "2024.07.31"]
[SourceVersion "1"]
[SourceVersionDate "2024.07.31"]
[SourceQuality "1"]

1. e4 e6 2. d4 d5 3. Nc3 Nf6 4. e5 Nfd7 5. f4 c5 6. Nf3 Nc6 7. Be3 h6 8. Qd2 g5 9. dxc5 gxf4 10. Bxf4 Nxc5 11. Nd4 Qa5 12. a3 Qb6 13. Bb5 Bd7 14. Bxc6 bxc6 15. 0-0 Nb7 16. Kh1 c5 17. Nde2 Bc6 18. Ng3 0-0-0 19. Nce2 d4 20. Qd3 Na5 21. b4 c4 22. Qd2 Nb7 23. c3 h5 24. Nxd4 h4 25. Nge2 h3 26. Rf2 hxg2+ 27. Kg1 Be7 28. Qe3 Bh4 29. Ng3 Bd5 30. Rxg2 Bxg2 31. Kxg2 Nc5 32. Rf1 Nd3 33. Qe4 Qb7 34. Qxb7+ Kxb7 35. Ne4 Be7 36. Bg3 Rh7 37. Nb5 Rd7 38. Nbd6+ Bxd6 39. Nxd6+ Kc6 40. Nxc4 Rg7 41. Kf3 Rd5 42. Ke3 Rg4 43. Na5+ Kb6 44. c4 Rdd4 45. Rxf7 Rge4+ 46. Kf3 Nxe5+ 47. Bxe5 Rxe5 48. c5+ Kb5 49. Rb7+ Ka6 50. Rxa7+ Kb5 51. a4+ Kxb4 52. Nc6+ Kxc5 53. Nxe5 Rh4 54. Kg3 Re4 55. Nf3 Kb6 56. Ra8 Kb7 57. Ra5 Kb6 58. Re5 Rxa4 59. Rxe6+ Kc7 60. h4 1-0

[Event "LTU-chT"]
[Site "Lithuania"]
[Date "2024.03.23"]
[Round "3.2"]
[White "Tvarijonas, Tomas"]
[Black "Morkunas, Gustas"]
[Result "1-0"]
[WhiteElo "2222"]
[BlackElo "2113"]
[PlyCount "175"]
[EventDate "2024.01.27"]
[EventType "team-swiss"]
[EventRounds "7"]
[EventCountry "LTU"]
[SourceTitle "EXT 2025"]
[Source "ChessBase"]
[SourceDate "2024.10.14"]
[SourceVersion "1"]
[SourceVersionDate "2024.10.14"]
[SourceQuality "1"]
[WhiteTeam "Vilnius Juoda Balta"]
[BlackTeam "Kaunas Margiris"]
[WhiteTeamCountry "LTU"]
[BlackTeamCountry "LTU"]

1. e4 c5 2. Nf3 e6 3. d4 cxd4 4. Nxd4 a6 5. Bd3 Bc5 6. Nb3 Ba7 7. Qe2 Nc6 8. Be3 Nge7 9. 0-0 0-0 10. f4 d6 11. N1d2 Bxe3+ 12. Qxe3 Nb4 13. Rad1 Qc7 14. a3 Nxd3 15. cxd3 b5 16. Rc1 Qd8 17. Rc2 a5 18. Rfc1 a4 19. Nd4 Bd7 20. Rc7 Rc8 21. Rxc8 Nxc8 22. Nc6 Bxc6 23. Rxc6 Qd7 24. Rc3 Qb7 25. Qd4 h6 26. Nf3 Re8 27. Kf2 f6 28. e5 fxe5 29. fxe5 dxe5 30. Qxe5 Qb6+ 31. Nd4 Rf8+ 32. Kg1 Ne7 33. Qxe6+ Qxe6 34. Nxe6 Re8 35. Rc5 Rb8 36. Rc7 Re8 37. Rb7 Nf5 38. Nc7 Re2 39. Rxb5 Ne3 40. h3 Rxg2+ 41. Kh1 Rd2 42. Ne6 Nd1 43. b3 axb3 44. Rxb3 Nf2+ 45. Kg2 Kf7 46. Nc7 Nxd3+ 47. Kf3 Ne5+ 48. Ke4 Nc4 49. Rc3 Nd6+ 50. Ke5 Ne8 51. Nd5 Nf6 52. Rc7+ Kg6 53. Nf4+ Kh7 54. a4 Ra2 55. Ra7 Kg8 56. a5 Ra3 57. a6 Ra5+ 58. Ke6 Ne4 59. Nd3 Ra3 60. Ra8+ Kh7 61. a7 Ng5+ 62. Kf5 Rxd3 63. Rh8+ Kxh8 64. a8Q+ Kh7 65. h4 Nf7 66. Ke6 Nd8+ 67. Ke7 Rd4 68. h5 Kh8 69. Qf3 Rd2 70. Qe4 Rd1 71. Qa4 Rd2 72. Qb5 Rd4 73. Qe8+ Kh7 74. Qg6+ Kh8 75. Qg2 Rd1 76. Qa8 Rd2 77. Qa4 Rd5 78. Qe8+ Kh7 79. Qg6+ Kh8 80. Kf8 Rd7 81. Qg4 Rc7 82. Qg6 Nc6 83. Qe6 Ne7 84. Qe5 Nd5 85. Qxd5 Rc8+ 86. Kf7 Rb8 87. Qd4 Rb7+ 88. Kg6 1-0